000
00343 a2200157 4500
001
187593
020
_a
85-10-04638-1
040
_c
Magnum
100
_a
Casasanta, Therezinha
240
1
0
_a
O canguruzinho fujão
_l
por
245
1
0
_a
O canguruzinho fujão
300
_a
23
362
0
_a
2013
697
_a
LITERATURA INFANTIL
942
_c
BK
999
_c
187593
_d
187593